| 000 | 00718nam a22002175i 4500 | ||
|---|---|---|---|
| 001 | 170144 | ||
| 003 | ES-MaACL | ||
| 005 | 20230906214311.0 | ||
| 008 | 090205q1907 fr |||| | fre d | ||
| 080 | _a78.089.1 | ||
| 100 | 1 |
_aMaeterlinck, Maurice. _975418 |
|
| 245 | 1 | 0 |
_aAriane et Barbe-Bleue _b: conte en trois actes / _cMaurice Maeterlinck ; musique de Paul Dukas. |
| 260 |
_aParis : _bGérard Billaudot, _c[ca. 1907] |
||
| 300 |
_a46 p. ; _c18 cm. |
||
| 490 | 1 | _aLibrairie théatrale | |
| 650 | 4 |
_aOperetas- _vLibretos. _9139352 |
|
| 700 | 1 |
_aDukas, Paul. _9139358 |
|
| 830 | 1 |
_aLibrairie théatrale _9188911 |
|
| 852 | 4 |
_aES-MaACL _j2246-F-6 _z- Biblioteca Jacinto Martínez Lacalle |
|
| 999 |
_c170144 _d170144 |
||